Just going to the dentist / (Record no. 3470)
[ view plain ]
| 000 -LEADER | |
|---|---|
| fixed length control field | 00829cam a2200265 a 4500 |
| 005 - DATE AND TIME OF LATEST TRANSACTION | |
| control field | 20250507143253.0 |
| 020 ## - INTERNATIONAL STANDARD BOOK NUMBER | |
| International Standard Book Number | 0307125831 |
| 020 ## - INTERNATIONAL STANDARD BOOK NUMBER | |
| International Standard Book Number | 0307625834 (lib. bdg.) |
| 040 ## - CATALOGING SOURCE | |
| Original cataloging agency | OZav |
| Transcribing agency | OZav |
| Modifying agency | DLC |
| Language of cataloging | eng |
| 050 04 - LIBRARY OF CONGRESS CALL NUMBER | |
| Classification number | PZ7.M462 |
| Item number | 1990 |
| 082 ## - DEWEY DECIMAL CLASSIFICATION NUMBER | |
| Classification number | 617.6 |
| 100 1# - MAIN ENTRY--PERSONAL NAME | |
| Personal name | Mayer, Mercer |
| Dates associated with a name | 1943- |
| 245 10 - TITLE STATEMENT | |
| Title | Just going to the dentist / |
| Statement of responsibility, etc. | by Mercer Mayer |
| 260 ## - PUBLICATION, DISTRIBUTION, ETC. | |
| Place of publication, distribution, etc. | New York : |
| Name of publisher, distributor, etc. | Scholastic, |
| Date of publication, distribution, etc. | 1990 |
| 300 ## - PHYSICAL DESCRIPTION | |
| Extent | 24 unnumbered pages : |
| Other physical details | color illustrations ; |
| Dimensions | 21 cm. |
| 490 ## - SERIES STATEMENT | |
| Series statement | Little Critter |
| 505 ## - FORMATTED CONTENTS NOTE | |
| Formatted contents note | J <br/> |
| 520 ## - SUMMARY, ETC. | |
| Summary, etc. | Little Critter goes to the dentist for a checkup, and finds that going to the dentist isn't so bad. |
| 521 ## - TARGET AUDIENCE NOTE | |
| Target audience note | 500 <br/> |
| Source | Lexile AD <br/> |
| 521 ## - TARGET AUDIENCE NOTE | |
| Target audience note | J <br/> |
| Source | Raz-Plus <br/> |
| 650 ## - SUBJECT ADDED ENTRY--TOPICAL TERM | |
| Topical term or geographic name entry element | teeth |
| Form subdivision | Fiction |
| 906 ## - LOCAL DATA ELEMENT F, LDF (RLIN) | |
| a | 7 |
| b | cbc |
| c | copycat |
| d | 4 |
| e | opcn |
| f | 19 |
| g | y-gencatlg |
| 942 ## - ADDED ENTRY ELEMENTS (KOHA) | |
| Source of classification or shelving scheme | Dewey Decimal Classification |
| Koha item type | Books |
| Suppress in OPAC | No |
| 999 ## - | |
| -- | 3470 |
| -- | 3470 |
| Withdrawn status | Lost status | Source of classification or shelving scheme | Damaged status | Not for loan | Collection | Home library | Current library | Shelving location | Date acquired | Total Checkouts | Full call number | Barcode | Date last seen | Price effective from | Koha item type | Copy number |
|---|---|---|---|---|---|---|---|---|---|---|---|---|---|---|---|---|
| Dewey Decimal Classification | Juvenile Fiction | Footprints International School Library Network Toul Tom Poung Campus | Footprints International School Library Network Toul Tom Poung Campus | TTP Primary Dark Blue Bookshelves | 03/07/2024 | MAY 617.6 PZ7.M462 | FISTK00866 | 03/07/2024 | 03/07/2024 | Books | ||||||
| Dewey Decimal Classification | Juvenile Fiction | Footprints International School Library Network Toul Tom Poung Campus | Footprints International School Library Network Toul Tom Poung Campus | TTP Primary Dark Blue Bookshelves | 05/07/2025 | MAY 617.6 PZ7.M462 | 2025-1198 | 05/07/2025 | 05/07/2025 | Books | 2 | |||||
| Dewey Decimal Classification | Juvenile Fiction | Footprints International School Library Network Toul Tom Poung Campus | Footprints International School Library Network Toul Tom Poung Campus | TTP Primary Dark Blue Bookshelves | 05/07/2025 | MAY 617.6 PZ7.M462 | 2025-1202 | 05/07/2025 | 05/07/2025 | Books | 3 |
